| 000 | 00930nam0a22002771 4500 | ||
|---|---|---|---|
| 001 | rc\115332 | ||
| 005 | 20250620185438.0 | ||
| 010 |
_a5-253-00771-7 _950000 |
||
| 035 | _a(NLR Aleph) 005374407 | ||
| 090 |
_a7034139 _c7034139 |
||
| 100 | _a20021216d1993 |||y0rusy50 ca | ||
| 101 | 0 | _arus | |
| 102 | _aRU | ||
| 105 | _ay ||||||||| | ||
| 200 | 1 |
_aПоющие пески _aДело о похищении Бетти Кейн _aДитя времени _e[Романы _eПер. с англ.] _fДжозефин Тэй |
|
| 210 |
_aМ. _cПресса _d1993 |
||
| 215 | _a523, [2] с. | ||
| 225 | 1 | _aHot gun - дымящийся пистолет | |
| 300 | _aНа пер. только загл. сер. | ||
| 700 | 1 |
_7ca _8rus _aТейге _bТ. _f1960- _gТрюде _9177085 _3RU\NLR\AUTH\770177136 |
|
| 801 | 0 |
_aRU _bNLR _gpsbo |
|
| 801 | 1 |
_aRU _bELAR _2rusmarc |
|
| 852 |
_aNLR _j94-3/3731 |
||
| 942 | _cBOOK | ||
| 980 | _aNB | ||